Cristalofísica / (Record no. 189653)

MARC details
000 -LEADER
campo de control de longitud fija 00497nam a2200169 i 4500
001 - NÚMERO DE CONTROL
campo de control 189653
003 - IDENTIFICADOR DE NÚMERO DE CONTROL
campo de control ES-MaACL
005 - FECHA Y HORA DE LA ÚLTIMA TRANSACCIÓN
campo de control 20230906223525.0
008 - DATOS DE LONGITUD FIJA--INFORMACIÓN GENERAL
campo de control de longitud fija 190828s1958 sp |||| | spa d
100 0# - ENTRADA PRINCIPAL--NOMBRE DE PERSONA
Nombre de persona Amorós, José Luis.
9 (RLIN) 21315
245 10 - MENCIÓN DEL TÍTULO
Título Cristalofísica /
Mención de responsabilidad, etc. José Luis Amorós.
260 ## - PUBLICACIÓN, DISTRIBUCIÓN, ETC.
Lugar de publicación, distribución, etc. Madrid :
Nombre del editor, distribuidor, etc. Aguilar,
Fecha de publicación, distribución, etc. 1958.
300 ## - DESCRIPCIÓN FÍSICA
Extensión 1 v. ;
Dimensiones 22 cm.
505 8# - NOTA DE CONTENIDO CON FORMATO
Nota de contenido con formato Contiene: I. Propiedades continuas.- XVIII, 233 pág.
650 04 - PUNTO DE ACCESO ADICIONAL DE MATERIA--TÉRMINO DE MATERIA
Término de materia o nombre geográfico como elemento de entrada Cristalografía.
9 (RLIN) 11424
852 ## - LOCALIZACIÓN
Ubicación ES-MaACL
Número de control de estantería P-733
Holdings
Estatus retirado Estado de pérdida Estado de daño No para préstamo Biblioteca de origen Biblioteca actual Ubicación en estantería Fecha de adquisición Fuente de adquisición Total de préstamos Signatura topográfica completa Código de barras Visto por última vez Precio de reemplazo Tipo de ítem Koha
        Biblioteca del Ateneo de Madrid Biblioteca del Ateneo de Madrid Depósito 2 28/08/2019     P-733 1201031 23/02/2023 23/02/2023 Libro impreso